Statistics for Countries Bordering D.R. Congo - Map Quiz

Click here to take the quiz!

General Stats

  • This quiz has been taken 562 times
  • The average score is 8 of 9

Answers on the Map

Answers color-coded by a green-red scale on the quiz's map according to % correct below.
 

Answer Stats

Answer% Correct
Republic of the Congo
97%
Central African Republic
96%
Angola
94%
Zambia
94%
Burundi
92%
Rwanda
92%
South Sudan
92%
Tanzania
92%
Uganda
91%

Score Distribution

Percentile by Number Answered

Percent of People with Each Score

Your Score History

You have not taken this quiz